| 000 | 00863nam a22002775i 4500 | ||
|---|---|---|---|
| 001 | 11740 | ||
| 003 | ES-MaACL | ||
| 005 | 20250831062820.0 | ||
| 007 | t| | ||
| 008 | 960213s1995 sp ||||0| spa j | ||
| 020 | _a84-7880-556-7 | ||
| 040 |
_aM-BN _bspa _cM-BN |
||
| 080 | _a282(460)"19" | ||
| 080 | _a322(460)"19" | ||
| 100 | 1 |
_aHernández, Abel. _962779 |
|
| 245 | 1 | 3 |
_aEl quinto poder _b: la Iglesia, de Franco a Felipe / _cAbel Hernández. |
| 250 | _a1ª ed. | ||
| 260 |
_aMadrid : _bTemas de Hoy, _c1995. |
||
| 300 |
_a317 p ; _c23 cm. |
||
| 490 | 1 |
_aGrandes temas ; _v44. _aSerie 75-95 |
|
| 610 | 2 | 4 |
_aIglesia Católica- _zEspaña- _yS.XX _94647 |
| 650 | 4 |
_aIglesia y Estado- _zEspaña- _yS.XX. _913561 |
|
| 830 | 0 | 0 |
_aGrandes temas (Temas de Hoy) _v44. _9237065 |
| 852 |
_aES-MaACL _jL-19040 _bR.124618 |
||
| 999 |
_c11740 _d11740 |
||